| 000 | 00413cam a2200169ua 4500 | ||
|---|---|---|---|
| 041 |
_aeng _h |
||
| 082 |
_a532 _bKES/FL |
||
| 100 | _aKesavan, R . | ||
| 245 |
_aFluid mechanics / _cR Kesavan. _hTextual Documents |
||
| 260 |
_aChennai : _bEswar press , _c2005. |
||
| 300 | _a475 ; . | ||
| 504 | _a | ||
| 700 | 1 | _aSenthil Kumar, S P . | |
| 700 | 1 | _aVijaya Ramanth, B . | |
| 942 | _cBK | ||
| 999 |
_c13213 _d13213 |
||